Territorios del Imperio Español - Estadísticas

Estadísticas generales
  • Esta prueba ha sido intentada 800 veces
    647 desde el último reinicio
  • La puntuación promedio es 62 de 95
Estadísticas de respuestas
Hint Respuesta % Correcto
América ss. XVI-XIX Argentina
96%
Europa ss.XVI-XVII Francia
96%
Europa ss. XV-XVIII Italia
96%
América ss. XVI-XIX Estados Unidos
94%
África ss. XVI-XVII Marruecos
94%
África s. XX Marruecos español
94%
América ss. XVI-XIX Brasil
93%
Asia ss. XVI-XIX Filipinas
93%
Europa ss. XVI-XVII Portugal
93%
América ss. XVI-XIX Chile
92%
América ss. XVI-XIX México
91%
América ss. XVI-XIX Colombia
90%
América ss. XVI-XIX Cuba
90%
América ss. XVI-XIX Ecuador
90%
América ss. XVI-XIX Perú
90%
América ss. XVI-XIX Venezuela
90%
Europa ss. XVI-XVII Países Bajos
89%
América ss. XVI-XIX Paraguay
89%
Europa ss. XVI-XVIII Bélgica
87%
América ss. XVI-XIX El Salvador
87%
África ss. XVI-XX Guinea Ecuatorial
87%
América ss. XVI-XIX Uruguay
87%
Europa ss. XVI-XVIII Alemania
86%
América s. XVIII Canadá (Nutka)
86%
América ss. XVI-XIX Costa Rica
86%
Europa Actualidad España
86%
América ss. XVI-XIX Panamá
86%
América ss. XVI-XIX Bolivia
85%
América ss. XVI-XIX Honduras
85%
América ss. XVI-XIX Guatemala
84%
Asia ss. XVI-XVII China (Macao)
83%
América ss. XVI-XIX Guyana
83%
América ss. XV-XVII Haití
83%
América ss. XVI-XIX Nicaragua
83%
América ss. XVI-XIX Belice
81%
América ss. XV-XVII Jamaica
80%
África ss. XVI-XVIII Argelia
78%
América ss. XV-XIX República Dominicana
78%
Asia ss. XVI-XVII India portuguesa
77%
América ss. XV-XVIII Bahamas
76%
Asia s. XVII Indonesia
74%
Europa ss. XVI-XVIII Luxemburgo
74%
América ss. XV-XVIII Trinidad y Tobago
74%
África ss. XVI-XVII Angola
72%
América ss. XV-XVIII Dominica
69%
Asia s. XVI Japón (Nagasaki, Tanegashima)
69%
África ss. XVI-XVII Mozambique
69%
América ss. XV-XVII Antigua y Barbuda
68%
América ss. XV-XVII Granada
68%
América ss. XVI-XVII Santa Lucía
68%
África s. XVI Túnez
68%
América ss. XVI-XVII Barbados
67%
África ss. XVI-XVII Cabo Verde
67%
Europa ss. XV-XVIII Malta
67%
África s. XVI Libia (Trípoli)
65%
Oceanía ss. XVI-XIX Islas Marshall
63%
Asia ss. XVI-XVII Malasia
63%
América ss. XVI-XIX Puerto Rico
63%
América ss. XV-XVIII San Cristóbal y Nieves
63%
Oceanía ss. XVI-XIX Micronesia
62%
Oceanía ss. XVI-XIX Palaos
60%
Oceanía s. XVI Islas Salomón
59%
África ss. XVI-XVII Santo Tomé y Príncipe
59%
Asia ss. XVI-XVII Timor Oriental
57%
Asia s.XVII Taiwan
54%
Asia ss. XVI-XVII Sri Lanka
50%
Oceanía s. XVI Vanuatu
50%
África ss. XVI-XVII Guinea Bissau
49%
África ss. XIX-XX Sahara Occidental
49%
Oceanía ss. XVI-XIX Kiribati (Islas Gilbert)
48%
Asia s. XVI Camboya
47%
Asia s. XVI Brunei
46%
Europa ss. XV-XVIII Gibraltar
44%
Oceanía ss. XVI-XIX Guam
43%
América ss. XV-XVII Islas Vírgenes
40%
África ss. XVI-XVII Somalia
40%
Asia ss. XVI-XVII Bangladesh (Chittagong)
39%
Asia ss. XVI-XVII Irán (Qeshm)
38%
Asia ss. XVI-XVII Omán (Mascate)
38%
América ss. XV-XVI Islas Caimán
37%
América ss. XV-XVII Aruba
35%
América ss. XVI-XVII Bermudas
32%
América ss. XVIII-XIX Islas Malvinas
31%
América ss. XVI-XVII Martinica
29%
América ss. XV-XVII Anguila
28%
América ss. XVI-XVII Guadalupe
28%
Oceanía ss. XVI-XIX Islas Marianas del Norte
28%
América ss. XV-XVII Montserrat
26%
América ss. XV-XVII San Martín
24%
América ss. XVI-XVII Islas Turcas y Caicos
23%
América ss. XV-XVII Bonaire
20%
América ss. XV-XVII Curaçao
20%
Oceanía s. XVIII Polinesia francesa (Tahití)
18%
América ss. XVI-XVII San Bartolomé
18%
África ss. XVI-XVII Tristan da Cunha
10%
No se encontraron pruebas coincidentes
Distribución de puntuación
Porcentaje de gente con cada puntuación
Porcentaje por número respondido
Historial de tus puntuaciones
No has intentado esta prueba desde el último reinicio